00483nam a2200169Ia 450000500170000000800410001708200130005810000200007124500130009125000080010426000410011230000130015350000270016694200060019395200990019999900150029820250312015811.0240331s9999 xx 000 0 und d bGANa894 aGanesalingam, S 0aPorkolam a2nd aVadapalanibKumaran Publishersc1996 a247 p ., aA Dalit Novel in Tamil cL 001040708LaWERCLbWERCLcSSCd2024-03-31l0o 894.811 GANp4494r2024-03-31w2024-03-31yL c3756d3756